Lord of the Mysteries - The Fool Pathway - Statistics

General Stats
  • This quiz has been taken 116 times
  • The average score is 9 of 10
Answer Stats
Sequence Number Name of Potion % Correct
Sequence 8 Clown
100%
Sequence 9 Seer
100%
Sequence 0 The Fool
95%
Sequence 6 Faceless
92%
Sequence 7 Magician
89%
Sequence 5 Marionettist
85%
Sequence 1 Attendant Of Mysteries
75%
Sequence 2 Miracle Invoker
74%
Sequence 3 Scholar Of Yore
74%
Sequence 4 Bizarro Sorcerer
73%
No matching quizzes found
Score Distribution
Percent of People with Each Score
Percentile by Number Answered
Your Score History
You have not taken this quiz